| 000 | 00851nas a2200277 4500 | ||
|---|---|---|---|
| 001 | BR0700907 | ||
| 003 | BR-BrBNA | ||
| 005 | 20231205110612.0 | ||
| 007 | ta | ||
| 008 | 230509b bl.|||p| |||| 00| 00por d | ||
| 040 |
_aBR-BrBNA _bpor _cBiblioteca Nacional de Agricultura |
||
| 041 | _a(Pt) | ||
| 072 | _aL70 | ||
| 100 | 1 | _aSilva, L.C.L.C. da | |
| 100 | 1 | _aCoelho, C.S. | |
| 100 | 1 | _aMarques, M.S. | |
| 100 | 1 | _aBaccarin, R.Y.A. | |
| 100 | 1 | _aFernandes, W.R. | |
| 245 | 1 | _aDuodenocecostomia como tratatmento da duodeno-jejunite proximal em um equino - relato de caso | |
| 650 | _aEQUINO | ||
| 650 | _aDIAGNÓSTICO | ||
| 773 | 0 |
_tVeterinária Notícias (Brazil) _xISSN 0104-3463 _g(Jan-Jul 2006), v. 12(1) p. 15-19 _wBR0700907 |
|
| 856 | 4 | 0 | _dLink DSPACE/MAPA BR0700907 |
| 909 |
_a202311 _bLúcia _c55 _dLúcia Elande |
||
| 942 |
_2AGRIS _n0 _cANA |
||
| 999 |
_c188130 _d188130 |
||